| 000 | 01155cab a22002055a 4500 | ||
|---|---|---|---|
| 001 | L147121 | ||
| 008 | 090403e20090305xxk f 000 0 eng d | ||
| 035 | _a(Sirsi) u147121 | ||
| 041 | 0 | _aeng | |
| 100 | 1 | _aAlexander, Kaye | |
| 245 | 0 | 0 | _aBuilding Regulations |
| 260 | _c2009 | ||
| 490 |
_aArchitects' Journal _v 8(229) 5 March 2009, 41-42(2) |
||
| 520 | _aBriefly summaries the advantages and disadvantages of the six key proposals of the Department for Communities and Local Government's Future of building control: consultation (L142913). Proposals include the periodic system of review of a three-year cycle, standstill of six months between publication and implementation, rebranding approved documents, project guides, give local authorities power to issue stop notices and impose penalties and extension ofthe pattern-book approach. Highlights responses to the consultation including the views of the Building Control Alliance formed in 2007 by RICS other professional bodies. | ||
| 590 | _aKA | ||
| 650 | 2 | 4 | _aFUTURE OF BUILDING CONTROL |
| 651 | 4 |
_aEngland and Wales _y1543- |
|
| 690 | _aBUILT ENVIRONMENT-BUILDING STANDARDS | ||
| 942 | _n0 | ||
| 999 |
_c81392 _d81392 |
||